Любовта има твоите очи (Запис номер 495512)
[ съкратено ]
| 000 -Лидер | |
|---|---|
| Лидер | 01337nam a2200289 a 4500 |
| 003 - Код на организацията, давaща контролен номер | |
| Код на организацията, даваща контролен номер | BLK |
| 005 - Дата и час на последна редакция | |
| Дата и час на последна редакция | 20250714113635.0 |
| 008 - Елементи от данни с фиксирана дължина | |
| Елементи с фиксирана дължина | 210913b bul|||||r ||||||| ||bul|| |
| 020 ## - Международен стандартен номер на книга ISBN | |
| ISBN | 9789547714748 |
| 040 ## - Източник на каталожния запис | |
| Код на библиотеката | BLK |
| 041 ## - Код за език | |
| Език | Български |
| Език за КДБФ | Български |
| 080 ## - УДК | |
| УДК текст | Италианска литература |
| УДК код | 821.131.1 |
| УДК – определител | -31 |
| УДК – код + определител | 821.131.1-31 |
| 084 ## - Класификационен индекс по друга класификация | |
| Авторски знак | Гал - Г 18 |
| 100 1# - Редна дума - Автор | |
| Автор | Галдино, Диего |
| R(LIN) | 50741 |
| 245 10 - Сведения за заглавието | |
| Заглавие | Любовта има твоите очи |
| Подзаглавни данни | Роман |
| Авторска отговорност | Диего Галдино; прев. от итал. Теодора Голиванова, Теодора Иванова. |
| 257 ## - Страна на издаване | |
| Страна на създаване/издаване | Италия |
| 260 ## - Област на издателските данни | |
| Място на издаване | София |
| Име на издателя | Кръгозор |
| Година на издаване | 2023 |
| Печатница | Добрич : ФОЛИАРТ |
| 300 ## - Физическа характеристика | |
| Брой страници | 182 с. |
| Размер | 21 см |
| 380 ## - Жанр | |
| Жанр | Худож. лит. |
| 500 ## - Общи забележки | |
| Обща забележка | Ориг. загл.: Vorrei che l'amore avesse i tuoi occhi / Diego Galdino. - Биогр. данни за авт. отбелязани на гърба на кор. |
| 700 ## - Други автори (авторска отговорност) | |
| 9 (RLIN) | 1071 |
| Друг автор | Голиванова, Теодора Любомирова |
| Авт. отговорност на др. автор | прев. от итал. |
| 700 ## - Други автори (авторска отговорност) | |
| 9 (RLIN) | 489147 |
| Друг автор | Иванова, Теодора Руменова |
| 852 ## - Местоположение | |
| Сигнатура (форматна) | Цб 322853 |
| Отдел | Хранилище |
| 942 ## - АРТИКУЛИ | |
| Вид на библиотечния документ | Книги |
| Скрит в OPAC | Не |
| Периодичен библиозапис | Да |
| Koha issues (borrowed), all copies | 20 |
| 944 ## - СЪЗДАВАНЕ И РЕДАКЦИЯ на ЗАПИСА | |
| Дата на регистрацията/редакция | Теодора Пейчева-Дянкова |
| Служител, извършил регистрацията/редакцията | 30570 |
| Номер на служител | Моника Янева |
| 999 ## - СИСТЕМНИ КОНТРОЛНИ НОМЕРА | |
| Koha biblionumber | 495512 |
| Koha biblioitemnumber | 495512 |
| Код за отписване | Код за изгубен артикул | Източник на класификационната схема | Код за повреда | Код за отдаване | Артикулен № | Име на библиотеката - собственик | Име на библиотеката, в която се намира в момента | Статус (Текущо местоположение) | Дата на вписване в системата | Местоположение - отдел | Цена в лева | Инвентарен номер | Систематично азбучна сигнатура | Баркод | Цена в евро | Служебен тип на артикула | Коз за рестрикции |
|---|---|---|---|---|---|---|---|---|---|---|---|---|---|---|---|---|---|
| Не е изгубен | Universal Decimal Classification | Не е повреден | заемане за дома | 933533 | Регионална библиотека "Любен Каравелов" Русе | Регионална библиотека "Любен Каравелов" Русе | Заемна - подръчен фонд | 2023-09-14 | Заемна - подръчен фонд | 18.00 | 120000892667 | 821-31/Г 18 Д | 120000892667 | 9.20 | Книги | ||
| Не е изгубен | Universal Decimal Classification | Не е повреден | заемане за дома | 933534 | Регионална библиотека "Любен Каравелов" Русе | Регионална библиотека "Любен Каравелов" Русе | Заемна - подръчен фонд | 2023-09-14 | Заемна - подръчен фонд | 18.00 | 120000892666 | 821-31/Г 18 Д | 120000892666 | 9.20 | Книги | ||
| Не е изгубен | Universal Decimal Classification | Не е повреден | ползва се в читалня | 943402 | Регионална библиотека "Любен Каравелов" Русе | Регионална библиотека "Любен Каравелов" Русе | Хранилище | 2024-06-05 | Хранилище | 18.00 | 120000908512 | Цб 322853 | 120000908512 | 9.20 | Книги | само за читалня |